Loading...
| Science - Other Science | 3 | 0 | 0 | 0 | 45 | 46 | 52.00 | 3 | 3 |
| History - European History | 0 | 4 | 0 | 1 | 40 | 73 | 86.75 | 0 | 1 |
| Fine Arts - Other Fine Arts | 1 | 2 | 0 | 1 | 35 | 48 | 101.00 | 1 | 1 |
| History - World History | 0 | 3 | 0 | 1 | 30 | 63 | 71.00 | 1 | 1 |
| Geography | 1 | 1 | 0 | 0 | 25 | 60 | 91.00 | 0 | 1 |
| History - American History | 0 | 2 | 0 | 1 | 20 | 137 | 138.00 | 0 | 0 |
| Literature - World Literature | 0 | 2 | 0 | 0 | 20 | 147 | 147.00 | 0 | 0 |
| History - Other History | 0 | 2 | 0 | 0 | 20 | 88 | 106.00 | 0 | 2 |
| Literature - American Literature | 1 | 0 | 0 | 0 | 15 | 36 | 36.00 | 1 | 1 |
| Science - Physics | 0 | 1 | 0 | 0 | 10 | 112 | 112.00 | 0 | 0 |
| Fine Arts - Visual Fine Arts | 0 | 1 | 0 | 0 | 10 | 99 | 99.00 | 0 | 0 |
| Literature - European Literature | 0 | 1 | 0 | 0 | 10 | 135 | 135.00 | 0 | 0 |
| Science - Chemistry | 0 | 1 | 0 | 1 | 10 | 110 | 110.00 | 0 | 1 |
| Fine Arts - Auditory Fine Arts | 0 | 1 | 0 | 0 | 10 | 110 | 110.00 | 0 | 1 |
| Religion | 0 | 1 | 2 | 0 | 0 | 117 | 117.00 | 0 | 0 |